000 00448nam a2200181Ia 4500
003 OSt
005 20220720114328.0
008 210210b1931 xxu||||| |||| 00| 0 eng d
040 _cAL
041 _aeng
082 _a514/111
100 _aSHANTI NARAYAN
_951745
245 _aElements of analytical solid geometry
260 _aDelhi
_bS. Chand & Co. Ltd.
_c1931
690 _aAnalytical Geometry
_951746
906 _a007556
942 _2ddc
_cBK
999 _c140096
_d140096